[Event "54. Miedzynarodowy Festiwal Szachowy im. Akiby Rubinsteina<br/>OPEN A "]
[Site "Polanica-Zdroj"]
[Date "1899-12-30"]
[Round "3.38"]
[White "Chmiel, Piotr"]
[Black "Skiba, Aleksandra"]
[Result "1/2-1/2"]
[WhiteTitle "I+"]
[BlackTitle "I+"]
[WhiteElo "1865"]
[BlackElo "1625"]

1. e4 c5 2. Nf3 Nc6 3. Bb5 g6 4. Bxc6 bxc6 5. O-O Bg7 6. Nc3 Nh6 7. Re1 O-O 8.
d3 Rb8 9. Na4 d6 10. h3 f6 11. Bf4 e5 12. Be3 Nf7 13. c3 f5 14. exf5 Bxf5 15.
d4 cxd4 16. cxd4 e4 17. Nh2 Ng5 18. Qc1 Bf6 19. Qxc6 d5 20. Nc3 Rxb2 21. Qxd5+
Kg7 22. Qxd8 Rxd8 23. Bxg5 Bxg5 24. Nxe4 Bh4 25. g3 Rxd4 26. Nf3 Rxe4 27. Rxe4
Bxe4 28. Nxh4 g5 29. Ng2 Bxg2 30. Kxg2 Kg6 31. a4 a5 32. Ra3 Rb4 33. g4 h6 34.
Kg3 h5 35. gxh5+ Kxh5 1/2-1/2

[Event "54. Miedzynarodowy Festiwal Szachowy im. Akiby Rubinsteina<br/>OPEN A "]
[Site "Polanica-Zdroj"]
[Date "1899-12-30"]
[Round "3.39"]
[White "Jedynak, January"]
[Black "Kies, Mariusz"]
[Result "1/2-1/2"]
[WhiteTitle "I+"]
[BlackTitle "k"]
[WhiteElo "1827"]
[BlackElo "2043"]

1. e4 c5 2. Nf3 a6 3. c3 g6 4. d4 cxd4 5. cxd4 d5 6. exd5 Nf6 7. Nc3 Bg7 8. Bc4
b5 9. Bb3 Bb7 10. O-O O-O 11. Re1 b4 12. Na4 Bxd5 13. Nc5 Nc6 14. Ne5 Bxb3 15.
Nxc6 Bxd1 16. Nxd8 Rfxd8 17. Rxd1 Nd5 18. Be3 a5 19. a4 Ra7 20. Rac1 Rb8 21. Nb3
e5 22. Rc5 Nxe3 23. fxe3 exd4 24. exd4 Rd8 25. d5 Bxb2 26. Nxa5 Rda8 27. Nc6 Rxa4
28. d6 Ra1 29. Rcd5 Rxd1+ 30. Rxd1 b3 31. Rd3 Ra1+ 32. Kf2 Ra2 33. Kf3 Bf6 34.
d7 Ra6 35. d8=Q+ Bxd8 36. Rxd8+ Kg7 37. Nd4 Rb6 38. Nxb3 Rxb3+ 39. Kf2 Rb2+ 40.
Kf3 g5 41. h3 h5 42. Rc8 Kg6 43. Rg8+ Kf5 44. g4+ hxg4+ 45. hxg4+ Kf6 46. Kg3
Rb3+ 47. Kg2 Rb4 48. Kg3 Rf4 49. Kh3 Ra4 50. Kg3 Ra5 51. Kf3 Ke6 52. Rb8 Ra3+
53. Ke4 Ra4+ 54. Kf3 Rd4 55. Rb6+ Rd6 56. Rb5 f6 57. Ke4 Rc6 58. Ra5 Rc4+ 59.
Kf3 Rc3+ 60. Kg2 Rd3 61. Kf2 Rd5 62. Ra6+ Ke5 63. Ke3 Rb5 64. Kf3 Rb3+ 65. Kg2
Rb2+ 1/2-1/2

[Event "54. Miedzynarodowy Festiwal Szachowy im. Akiby Rubinsteina<br/>OPEN A "]
[Site "Polanica-Zdroj"]
[Date "1899-12-30"]
[Round "3.40"]
[White "Kucharski, Bartlomiej"]
[Black "Kruczynski, Marek"]
[Result "1-0"]
[WhiteTitle "I+"]
[BlackTitle "I"]
[WhiteElo "1938"]
[BlackElo "1786"]

1. d4 Nf6 2. Bf4 c5 3. d5 d6 4. Nc3 g6 5. e4 Bg7 6. h3 O-O 7. Nf3 a6 8. a4 b6 9.
Bc4 Ne8 10. O-O Nd7 11. Qd2 Qc7 12. Rae1 Bb7 13. Bh6 f6 14. Nh2 Ne5 15. Be2 Bc8
16. h4 Nf7 17. Bxg7 Nxg7 18. f4 h6 19. Rf3 h5 20. Rg3 Kh7 21. Qd1 Nh6 22. f5 gxf5
23. Bxh5 f4 24. Bg6+ Kh8 25. Qd2 e5 26. dxe6 Nxe6 27. Nd5 Qg7 28. Nxf4 Nxf4 29.
Qxf4 Rg8 30. Qxd6 Nf7 31. Qd5 Ra7 32. Qh5+ Nh6 33. Bf5 1-0

[Event "54. Miedzynarodowy Festiwal Szachowy im. Akiby Rubinsteina<br/>OPEN A "]
[Site "Polanica-Zdroj"]
[Date "1899-12-30"]
[Round "3.41"]
[White "Galant, Ireneusz"]
[Black "Witwicki, Pawel"]
[Result "0-1"]
[WhiteTitle "I"]
[BlackTitle "I+"]
[WhiteElo "1768"]
[BlackElo "1854"]

1. d4 d6 2. e4 Nf6 3. Nc3 e5 4. Nf3 Nbd7 5. Bc4 Be7 6. Bg5 h6 7. Bxf6 Bxf6 8. Nd5
c6 9. Nxf6+ Qxf6 10. Qd3 exd4 11. Qxd4 Qxd4 12. Nxd4 Nc5 13. f3 Be6 14. Bxe6 Nxe6
15. Nf5 O-O-O 16. O-O-O Kc7 17. Rd2 g6 18. Ne3 h5 19. Rhd1 b5 20. c4 b4 21. Nc2
a5 22. Nd4 Nc5 23. Nb3 Nb7 24. Nd4 a4 25. Kc2 Ra8 26. Kd3 Rhe8 27. h3 Nc5+ 28.
Kc2 Reb8 29. Kb1 b3 30. a3 h4 31. Re1 Re8 32. Red1 Re5 33. Ne2 Rd8 34. Nf4 Rg5
35. Rd4 Rd7 36. R1d2 Rg3 37. Kc1 Rg5 38. Kd1 Rg3 39. Ke1 Rg5 40. Kf2 Rg3 41. Ne2
Rg5 42. f4 Rh5 43. Kf3 f5 44. Nc3 Rhh7 45. Re2 Rhe7 46. g4 hxg3 47. Kxg3 Rh7 48.
exf5 gxf5 49. Rd1 Rdg7+ 50. Kh2 Rg4 51. Rf2 Rhh4 52. Rd4 Ne6 53. Rd3 Nxf4 54.
Rdf3 Ng6 55. Nxa4 Rxc4 56. Nc3 Ne5 57. Kg3 Nxf3 58. Rxf3 Rh5 59. a4 Rch4 60. Kg2
Rd4 61. Rf2 Rd3 62. Re2 Kd7 63. a5 Rdxh3 64. a6 Rh2+ 65. Kf3 Rxe2 66. Nxe2 Kc7
67. Nf4 Rh2 68. Ne6+ Kb6 69. Nd4 Rxb2 0-1

[Event "54. Miedzynarodowy Festiwal Szachowy im. Akiby Rubinsteina<br/>OPEN A "]
[Site "Polanica-Zdroj"]
[Date "1899-12-30"]
[Round "3.42"]
[White "Fraczek, Weronika"]
[Black "Vanduyfhuys, Igor"]
[Result "1/2-1/2"]
[WhiteTitle "k+"]
[BlackTitle "II+"]
[WhiteElo "1844"]
[BlackElo "1687"]

1. e4 c5 2. Nf3 g6 3. d4 cxd4 4. Nxd4 Bg7 5. Bc4 Nc6 6. Nxc6 bxc6 7. Qf3 Nf6 8.
Nc3 O-O 9. e5 Ne8 10. Bf4 Qa5 11. O-O-O Bxe5 12. Bxe5 Qxe5 13. Rhe1 Qc5 14. Bb3
d5 15. h4 Nf6 16. Qe2 Re8 17. f3 h5 18. Qe5 Bf5 19. Ne2 a5 20. c3 Nd7 21. Qd4
e5 22. Qxc5 Nxc5 23. Bc2 Bc8 24. f4 Bg4 25. fxe5 f6 26. e6 g5 27. hxg5 fxg5 28.
Kd2 Rxe6 29. Nd4 Rf6 30. Rf1 Raf8 31. Rxf6 Rxf6 32. Rg1 h4 33. b4 axb4 34. cxb4
Ne6 35. Nxe6 Bxe6 36. Ke3 Bf5 37. Bb3 Be4 38. Bd1 Rf8 39. Bf3 Bf5 40. Rc1 g4 41.
Be2 Bd7 42. a4 g3 43. Rh1 d4+ 44. Ke4 Re8+ 45. Kd3 Re3+ 46. Kd2 Re4 47. a5 d3
48. Bxd3 Rxb4 49. a6 c5 50. Kc3 Bc6 51. Bc4+ Kf8 52. Rxh4 Bxg2 53. Rh8+ Ke7 54.
Rg8 Ra4 55. Rxg3 Ra3+ 56. Bb3 Bc6 57. Kc4 Kd6 58. Rd3+ Kc7 59. Kxc5 Rxa6 1/2-1/2

[Event "54. Miedzynarodowy Festiwal Szachowy im. Akiby Rubinsteina<br/>OPEN A "]
[Site "Polanica-Zdroj"]
[Date "1899-12-30"]
[Round "3.43"]
[White "Tsesler, Yakau"]
[Black "Lemanski, Piotr"]
[Result "1-0"]
[WhiteTitle ""]
[BlackTitle "II"]
[WhiteElo "1709"]
[BlackElo "1838"]

1. e4 e5 2. Nf3 Nc6 3. Bb5 a6 4. Ba4 Nf6 5. d3 d6 6. O-O Be7 7. c3 O-O 8. Nbd2
b5 9. Bc2 Bb7 10. Re1 d5 11. Nf1 dxe4 12. dxe4 Qxd1 13. Rxd1 Rad8 14. Bg5 h6 15.
Bxf6 Bxf6 16. Ne3 Ne7 17. Ng4 Ng6 18. Nxf6+ gxf6 19. Ne1 h5 20. g3 h4 21. Ng2
hxg3 22. hxg3 Kg7 23. Ne3 Ne7 24. f3 f5 25. exf5 Bxf3 26. Rf1 Nd5 27. Rxf3 Nxe3
28. Rxe3 Rd2 29. Rc1 Rh8 30. b4 Rhh2 31. Be4 Rxa2 32. Rce1 Rhd2 33. Bf3 Ra3 34.
c4 Rxe3 35. Rxe3 bxc4 36. Kf1 Rd3 37. Rxd3 cxd3 38. Kf2 Kf6 39. g4 Kg5 40. Ke3
d2 41. Kxd2 Kf4 42. Be2 e4 43. Bd1 f6 44. Be2 Ke5 45. Ke3 c5 46. bxc5 a5 47. c6
Kd6 48. Bb5 1-0

[Event "54. Miedzynarodowy Festiwal Szachowy im. Akiby Rubinsteina<br/>OPEN A "]
[Site "Polanica-Zdroj"]
[Date "1899-12-30"]
[Round "4.2"]
[White "Nurkiewicz, Maciej"]
[Black "Psyk, Radoslaw"]
[Result "1-0"]
[WhiteTitle "m"]
[BlackTitle "k++"]
[WhiteElo "2371"]
[BlackElo "2304"]

1. e4 c5 2. Nf3 e6 3. d4 cxd4 4. Nxd4 Nc6 5. Nb5 d6 6. c4 Nf6 7. N1c3 a6 8. Na3
Be7 9. Be2 O-O 10. O-O b6 11. Be3 Ne5 12. f3 Bb7 13. Qb3 Ned7 14. Rfd1 Qc7 15.
Rac1 Rac8 16. Kh1 Rfe8 17. Bf1 Bf8 18. Qc2 Qb8 19. Qf2 d5 20. cxd5 exd5 21. Nxd5
Nxd5 22. Rxc8 Rxc8 23. exd5 b5 24. Bd3 Nf6 25. Qh4 Qd6 26. Bf5 Rd8 27. Bf4 Qb6
28. Be5 h6 29. d6 Qe3 30. Bxf6 gxf6 31. d7 Bc5 32. Re1 Qxf3 33. Bh3 Qc6 34. Qg3+
Kf8 35. Qf4 f5 36. Qe5 f6 37. Qxf5 Bb4 38. Rf1 Be7 39. Nc2 Qe4 40. Qf2 Qd3 41.
Bf5 Be4 42. Bxe4 Qxe4 43. Qd2 Kf7 44. Re1 Qf5 45. Rd1 Bc5 46. h3 h5 47. Qd5+ Qxd5
48. Rxd5 Bb6 49. Nd4 Bxd4 50. Rxd4 Ke6 51. Kh2 h4 52. g3 Ke5 53. Rd1 hxg3+ 54.
Kxg3 Ke4 55. Kg4 b4 56. h4 Kd5 1-0

[Event "54. Miedzynarodowy Festiwal Szachowy im. Akiby Rubinsteina<br/>OPEN A "]
[Site "Polanica-Zdroj"]
[Date "1899-12-30"]
[Round "4.8"]
[White "Mika, Tomasz"]
[Black "Shishkin, Vadim"]
[Result "0-1"]
[WhiteTitle "I++"]
[BlackTitle "GM"]
[WhiteElo "2120"]
[BlackElo "2461"]

1. d4 Nf6 2. c4 e6 3. Nf3 b6 4. g3 Bb7 5. Bg2 g6 6. O-O Bg7 7. Nc3 O-O 8. Qc2 d6
9. e4 Nbd7 10. b3 c5 11. Rd1 Qe7 12. e5 Ne8 13. dxc5 Nxc5 14. Bf4 dxe5 15. Bxe5
f6 16. Bf4 e5 17. Be3 Rc8 18. Rd2 f5 19. Rad1 Nf6 20. Nb5 Nfe4 21. Bxc5 Qxc5 22.
Ng5 Bh6 23. Nxe4 Bxe4 24. Bxe4 Bxd2 25. Rxd2 fxe4 26. Qxe4 Rcd8 27. Re2 Rf5 28.
Nc3 Qd4 29. Qc2 Qd3 30. Nd5 Qxc2 31. Rxc2 Kf7 32. Ne3 Rf6 33. Re2 Re6 34. Kf1
Rd7 35. Ke1 h5 36. h4 Re8 37. Nd5 b5 38. Re3 Re6 39. Kd2 bxc4 40. bxc4 Ra6 41.
a3 Ra4 42. Rc3 Ke6 43. Kc2 Ra5 44. Re3 Rc5 45. Kb3 Rb7+ 46. Kc3 Ra5 47. Kc2 Kd6
48. Nc3 Kc6 49. Ne4 Rd7 50. Kb3 Ra6 51. Rf3 Rb7+ 52. Kc2 Rab6 53. Rf6+ Kc7 54.
Rf7+ Kd8 55. Nd6 Rd7 56. Rxd7+ Kxd7 57. Ne4 Kc6 58. Nd2 Rb8 59. Kc3 Rf8 60. f3
Rd8 61. Kc2 Kb6 62. Kc3 Ka5 63. c5 Kb5 64. Nc4 Rd5 65. Nd6+ Kxc5 66. Ne4+ Kc6
67. g4 Rd4 68. Nf6 Rf4 0-1

[Event "54. Miedzynarodowy Festiwal Szachowy im. Akiby Rubinsteina<br/>OPEN A "]
[Site "Polanica-Zdroj"]
[Date "1899-12-30"]
[Round "4.16"]
[White "Kawalko, Adam"]
[Black "Kozak, Antoni"]
[Result "0-1"]
[WhiteTitle "I"]
[BlackTitle "k"]
[WhiteElo "1869"]
[BlackElo "2157"]

1. e4 c5 2. Nf3 e6 3. d4 cxd4 4. Nxd4 Nc6 5. Nc3 d6 6. Be3 Nf6 7. Be2 Be7 8. O-O
O-O 9. Qd2 a6 10. Rad1 Qc7 11. f4 Bd7 12. Nb3 Rfd8 13. a4 Be8 14. Bf3 Rab8 15.
g4 d5 16. e5 d4 17. Nxd4 Nxd4 18. Bxd4 Rxd4 19. Qxd4 Bc5 20. exf6 gxf6 21. Kg2
Bxd4 22. Rxd4 Rd8 23. Rxd8 Qxd8 24. Ne4 Bxa4 25. Rd1 Qe7 26. g5 fxg5 27. fxg5
Kg7 28. Nf6 Qc5 29. Nh5+ Kg6 30. h4 Qxc2+ 31. Kh3 Qf5+ 32. Bg4 Qxg4+ 0-1

[Event "54. Miedzynarodowy Festiwal Szachowy im. Akiby Rubinsteina<br/>OPEN A "]
[Site "Polanica-Zdroj"]
[Date "1899-12-30"]
[Round "4.17"]
[White "Wisniewski, Michal"]
[Black "Luberanski, Jakub"]
[Result "1/2-1/2"]
[WhiteTitle "k+"]
[BlackTitle "I"]
[WhiteElo "2122"]
[BlackElo "1763"]

1. d4 Nf6 2. Nf3 d5 3. c4 c6 4. Nc3 e6 5. Bg5 Nbd7 6. e3 Qa5 7. Bxf6 Nxf6 8. a3
Ne4 9. Qc1 Nxc3 10. bxc3 Bd6 11. Bd3 b6 12. O-O Ba6 13. Nd2 dxc4 14. Nxc4 Bxc4
15. Bxc4 Qh5 16. g3 O-O 17. e4 b5 18. Bd3 Qf3 19. Qc2 e5 20. d5 cxd5 21. exd5
f5 22. Bxb5 Qxd5 23. Qe2 Rac8 24. Rfd1 Qe6 25. c4 Qf6 26. Rd5 f4 27. Rad1 fxg3
28. hxg3 Bc5 29. Rxe5 Bxf2+ 30. Kg2 Qg6 31. Qd3 Qf6 32. Qe2 Qg6 33. Qd3 Qb6 1/2-1/2

[Event "54. Miedzynarodowy Festiwal Szachowy im. Akiby Rubinsteina<br/>OPEN A "]
[Site "Polanica-Zdroj"]
[Date "1899-12-30"]
[Round "4.18"]
[White "Litner, Igor"]
[Black "Kucza, Karol"]
[Result "0-1"]
[WhiteTitle "I++"]
[BlackTitle "FM"]
[WhiteElo "1990"]
[BlackElo "2342"]

1. d4 d5 2. c4 e6 3. Nc3 c6 4. e4 dxe4 5. Nxe4 Bb4+ 6. Nc3 c5 7. a3 Bxc3+ 8. bxc3
Nf6 9. Nf3 Qa5 10. Bd2 Ne4 11. Qc2 Nxd2 12. Nxd2 cxd4 13. cxd4 Nc6 14. Qb2 O-O
15. O-O-O Rd8 16. Nb3 Qc7 17. Qc3 b6 18. Kb2 Bb7 19. Be2 Ne7 20. f3 Rac8 21. g3
a5 22. Rc1 a4 23. Na1 Ba6 24. Rhd1 Nf5 25. Bd3 Nxd4 26. Bxh7+ Kxh7 27. Rxd4 Rxd4
28. Qxd4 Bxc4 29. Rc3 Qc5 30. Qxc5 Rxc5 31. Nc2 Bd5 32. Rxc5 bxc5 33. f4 Kg6 34.
Ne3 f5 35. Kc3 Kf6 36. Nd1 e5 37. Nb2 exf4 38. gxf4 Bb3 39. Nd3 c4 40. Nc1 Kg6
41. Ne2 Kh5 42. Nd4 Kg4 43. Ne6 g6 44. Nf8 Kxf4 45. Nxg6+ Ke4 46. h4 f4 47. h5
f3 48. h6 f2 49. h7 f1=Q 50. Kb4 Qe1+ 51. Kb5 Qh1 52. h8=Q Qxh8 53. Nxh8 c3 0-1

[Event "54. Miedzynarodowy Festiwal Szachowy im. Akiby Rubinsteina<br/>OPEN A "]
[Site "Polanica-Zdroj"]
[Date "1899-12-30"]
[Round "4.19"]
[White "Dzikowski, Michal"]
[Black "Mirski, Michal"]
[Result "1-0"]
[WhiteTitle "k"]
[BlackTitle "I"]
[WhiteElo "2155"]
[BlackElo "1981"]

1. d4 Nf6 2. c4 e6 3. Nf3 Bb4+ 4. Bd2 Qe7 5. g3 Ne4 6. a3 Bxd2+ 7. Nbxd2 Nxd2 8.
Qxd2 b6 9. Bg2 Bb7 10. O-O d6 11. Rfd1 Nd7 12. b4 O-O 13. Rac1 Rfd8 14. h4 a5
15. Qc2 Nf6 16. d5 e5 17. Ng5 axb4 18. axb4 h6 19. Ne4 Ng4 20. Nc3 Ba6 21. Bh3
Nf6 22. Ne4 Ne8 23. c5 bxc5 24. bxc5 g6 25. Qd2 Kg7 26. c6 f5 27. Nc3 Nf6 28.
Rb1 e4 29. Qd4 Qe5 30. Qxe5 dxe5 31. e3 Ne8 32. Bf1 Bxf1 33. Kxf1 Ra5 34. Rb7
Rc5 35. Nb5 Rxc6 36. dxc6 Rxd1+ 37. Ke2 Rc1 38. Nxc7 Nxc7 39. Rxc7+ Kf6 40. Rc8
Rc2+ 41. Kd1 Rc5 42. Kd2 Ke7 43. c7 Kd7 44. Rg8 Rd5+ 45. Ke2 Kxc7 46. Rxg6 Rd6
47. h5 Kd7 48. Rg7+ Ke6 49. Rh7 Kd5 50. Kf1 Rf6 51. Kg2 Ke6 52. Kh3 Kd5 53. Kg2
Ke6 54. Ra7 Kd6 55. Kf1 Ke6 56. Ke2 Kd6 57. f3 exf3+ 58. Kxf3 Kd5 59. Ra5+ Kd6
60. e4 Ke6 61. Ra7 Kd6 62. Ke3 Ke6 63. Rb7 f4+ 64. gxf4 exf4+ 65. Kf3 Ke5 66.
Rb5+ Kd4 67. Rd5+ Kc4 68. Rf5 Rd6 69. Kxf4 Kd4 70. Rf8 Rd7 71. e5 Kd5 72. Kf5
Re7 73. Rd8+ Kc6 74. Kf6 1-0

[Event "54. Miedzynarodowy Festiwal Szachowy im. Akiby Rubinsteina<br/>OPEN A "]
[Site "Polanica-Zdroj"]
[Date "1899-12-30"]
[Round "4.20"]
[White "Piliczewski, Bogusz"]
[Black "Szelag, Zuzanna"]
[Result "1/2-1/2"]
[WhiteTitle "I+"]
[BlackTitle "I++"]
[WhiteElo "2112"]
[BlackElo "1934"]

1. d4 c5 2. c3 Nf6 3. Nf3 cxd4 4. cxd4 d5 5. Nc3 Bf5 6. Bf4 e6 7. a3 h6 8. h3 Nc6
9. e3 Bd6 10. Bxd6 Qxd6 11. Bd3 Bxd3 12. Qxd3 O-O 13. O-O Rac8 14. Rac1 Nd7 15.
Na4 Na5 16. Nd2 b6 17. Rc3 Rc6 18. Rfc1 Rfc8 19. b4 Rxc3 20. Rxc3 Rxc3 21. Nxc3
Nc6 22. Qa6 Ndb8 23. Qb7 Qd7 24. Qxd7 Nxd7 25. Kf1 Kf8 26. Ke2 Ke7 27. Kd3 Nf6
28. f3 Nh5 29. g4 Nf6 30. e4 Kd7 31. b5 Ne7 32. h4 dxe4+ 33. Ndxe4 Nfd5 34. Ne2
Ng6 35. h5 Ngf4+ 36. Nxf4 Nxf4+ 37. Ke3 Nd5+ 38. Kd3 Nf4+ 1/2-1/2

[Event "54. Miedzynarodowy Festiwal Szachowy im. Akiby Rubinsteina<br/>OPEN A "]
[Site "Polanica-Zdroj"]
[Date "1899-12-30"]
[Round "4.21"]
[White "Hetzer, Volkhard"]
[Black "Goslawski, Michal"]
[Result "1/2-1/2"]
[WhiteTitle ""]
[BlackTitle "k"]
[WhiteElo "1949"]
[BlackElo "2110"]

1. d4 d5 2. Nf3 Nf6 3. e3 e6 4. Bd3 b6 5. c3 Nbd7 6. Nbd2 Bb7 7. O-O Ne4 8. Ne5
Bd6 9. f4 O-O 10. Ndf3 f6 11. Ng4 c5 12. Bd2 Qe8 13. Qe2 c4 14. Bc2 b5 15. Be1
a5 16. Nf2 Nb6 17. Nd2 f5 18. Nf3 b4 19. Ne5 Rc8 20. Kh1 Rc7 21. g4 Bxe5 22. fxe5
Rcf7 23. Nxe4 dxe4 24. gxf5 bxc3 25. Bxc3 Nd5 26. f6 gxf6 27. exf6 Rxf6 28. Rxf6
Rxf6 29. Rg1+ Rg6 30. Rxg6+ Qxg6 31. Bxa5 Nf4 32. Qf2 Nd3 33. Qg3 Qxg3 34. hxg3
Nxb2 35. Bc3 Nd3 1/2-1/2

[Event "54. Miedzynarodowy Festiwal Szachowy im. Akiby Rubinsteina<br/>OPEN A "]
[Site "Polanica-Zdroj"]
[Date "1899-12-30"]
[Round "4.22"]
[White "Duda, Lucas"]
[Black "Bielinski, Dariusz"]
[Result "0-1"]
[WhiteTitle ""]
[BlackTitle "k+"]
[WhiteElo "1874"]
[BlackElo "2100"]

1. e4 d6 2. d4 g6 3. Nc3 Bg7 4. Nf3 a6 5. a4 b6 6. h3 e6 7. Be3 Nd7 8. Be2 Ne7
9. O-O Bb7 10. Qd2 h6 11. Rfe1 g5 12. Rad1 Nf6 13. e5 Nfd5 14. Nxd5 Nxd5 15. c4
Nxe3 16. Qxe3 O-O 17. Bd3 Qd7 18. b3 Rfd8 19. Bc2 Qe7 20. h4 Bxf3 21. Qxf3 dxe5
22. dxe5 Rxd1 23. Rxd1 Rd8 24. Rxd8+ Qxd8 25. h5 Bxe5 26. Qe4 Bg7 27. g3 Kf8 28.
Kg2 Qd2 29. Bd3 Ke7 30. c5 bxc5 31. Bxa6 Bd4 32. Be2 f5 33. Qd3 Qe1 34. Qf3 g4
35. Qf4 Qxe2 36. Qxc7+ Kf6 37. Qd8+ Ke5 38. Qb8+ Ke4 39. Qb7+ Kd3 40. Qb5+ Kd2
41. Qxe2+ Kxe2 42. a5 c4 43. bxc4 Bxf2 0-1

[Event "54. Miedzynarodowy Festiwal Szachowy im. Akiby Rubinsteina<br/>OPEN A "]
[Site "Polanica-Zdroj"]
[Date "1899-12-30"]
[Round "4.23"]
[White "Betkowski, Andrzej"]
[Black "Maciejewski, Kamil"]
[Result "1-0"]
[WhiteTitle "k"]
[BlackTitle "I"]
[WhiteElo "2041"]
[BlackElo "1886"]

1. e4 e6 2. d4 d5 3. Nc3 Nc6 4. Nf3 Nf6 5. Bd3 Nb4 6. e5 Nxd3+ 7. Qxd3 Nd7 8. Bg5
Be7 9. h4 a6 10. Ne2 b5 11. c3 c5 12. O-O h6 13. Bxe7 Qxe7 14. a4 c4 15. Qe3 Bb7
16. axb5 axb5 17. Rxa8+ Bxa8 18. Ra1 Nb6 19. Nf4 O-O 20. Nh5 Bc6 21. g4 Kh8 22.
Qf4 Ra8 23. Rb1 Ra2 24. Kh1 Na4 25. g5 g6 26. gxh6 Nxb2 27. Ng5 Be8 28. Qf6+ Qxf6
29. Nxf6 b4 30. Nxe8 bxc3 31. Nf6 Ra7 32. Kh2 Rc7 33. Ra1 Rc8 34. Nxf7# 1-0

[Event "54. Miedzynarodowy Festiwal Szachowy im. Akiby Rubinsteina<br/>OPEN A "]
[Site "Polanica-Zdroj"]
[Date "1899-12-30"]
[Round "4.24"]
[White "Ochmann, Reimund"]
[Black "Rak, Maciej"]
[Result "0-1"]
[WhiteTitle ""]
[BlackTitle "I"]
[WhiteElo "2009"]
[BlackElo "1759"]

1. e4 c5 2. Nc3 Nc6 3. f4 e6 4. Nf3 d5 5. e5 Nge7 6. Bb5 Bd7 7. O-O h5 8. d4 Nf5
9. Bxc6 Bxc6 10. Ne2 Bb5 11. c3 Qb6 12. dxc5 Bxc5+ 13. Kh1 h4 14. Ng5 Qa6 15.
Re1 Bf2 16. Nd4 Nxd4 17. cxd4 Qa4 18. Nf3 Bxe1 19. Qxe1 h3 20. b3 hxg2+ 21. Kxg2
Qa6 22. a4 Be2 23. Ng1 Bd3 24. Kg3 Rh6 25. Ba3 Rg6+ 26. Kf2 Be4 27. Nf3 Qd3 28.
Qd1 Qxf3+ 29. Qxf3 Bxf3 30. Kxf3 Rc8 31. Bb4 Rc2 32. h3 Kd7 0-1

[Event "54. Miedzynarodowy Festiwal Szachowy im. Akiby Rubinsteina<br/>OPEN A "]
[Site "Polanica-Zdroj"]
[Date "1899-12-30"]
[Round "4.25"]
[White "Zak, Pawel"]
[Black "Budnik, Mateusz"]
[Result "0-1"]
[WhiteTitle "I"]
[BlackTitle "I++"]
[WhiteElo "1721"]
[BlackElo "2003"]

1. d4 Nf6 2. Nf3 g6 3. g3 Bg7 4. Bg2 O-O 5. c4 c5 6. O-O cxd4 7. Nxd4 Nc6 8. Nc3
Qb6 9. e3 d6 10. b3 Bg4 11. Qd2 a6 12. h3 Bd7 13. Bb2 Rac8 14. Rac1 Rfd8 15. Kh2
Qa5 16. Qe2 Re8 17. Rfd1 Nxd4 18. exd4 b5 19. cxb5 axb5 20. Ba1 b4 21. Ne4 Nd5
22. Nd2 Rxc1 23. Rxc1 Nc3 24. Bxc3 bxc3 25. Nc4 Qa7 26. Rxc3 Bxd4 27. Rc2 Be6
28. Ne3 Qa5 29. Qd3 Bg7 30. Nd5 Bf5 31. Be4 Bxe4 32. Qxe4 e6 33. Ne3 d5 34. Qd3
Rd8 35. Kg2 e5 36. f3 f5 37. Qd2 Qxd2+ 38. Rxd2 d4 39. Nc4 e4 40. Kf1 d3 41. fxe4
fxe4 42. a4 Bh6 43. Rd1 e3 44. Ke1 e2 45. Rb1 Rf8 46. Nd2 Be3 0-1

[Event "54. Miedzynarodowy Festiwal Szachowy im. Akiby Rubinsteina<br/>OPEN A "]
[Site "Polanica-Zdroj"]
[Date "1899-12-30"]
[Round "4.26"]
[White "Dryja, Szymon"]
[Black "Jankowiak, Tomasz"]
[Result "1-0"]
[WhiteTitle "I++"]
[BlackTitle "k"]
[WhiteElo "1878"]
[BlackElo "2117"]

1. e4 d6 2. g3 e5 3. Bg2 Nf6 4. d3 Be7 5. f4 exf4 6. Bxf4 Nc6 7. Ne2 h5 8. h3 Be6
9. Nbc3 a6 10. Qd2 d5 11. exd5 Nxd5 12. O-O-O Bb4 13. a3 Nxc3 14. Nxc3 Ba5 15.
d4 Bf5 16. g4 Bg6 17. Rhe1+ Kf8 18. d5 Na7 19. d6 Bxc3 20. Qxc3 Nb5 21. Qc5 b6
22. dxc7+ bxc5 23. cxd8=Q+ Rxd8 24. Rxd8# 1-0

[Event "54. Miedzynarodowy Festiwal Szachowy im. Akiby Rubinsteina<br/>OPEN A "]
[Site "Polanica-Zdroj"]
[Date "1899-12-30"]
[Round "4.27"]
[White "Cap, Piotr"]
[Black "Rogacewicz, Mikolaj"]
[Result "0-1"]
[WhiteTitle "I"]
[BlackTitle "I+"]
[WhiteElo "1877"]
[BlackElo "2009"]

1. d4 Nf6 2. Nf3 e6 3. g3 d5 4. Bg2 Be7 5. O-O O-O 6. c4 dxc4 7. Ne5 Nc6 8. Nxc6
bxc6 9. Bxc6 Rb8 10. Nc3 Bb7 11. Bxb7 Rxb7 12. Qa4 Qxd4 13. Qa6 Rbb8 14. Rd1 Qc5
15. Be3 Qh5 16. Bxa7 Ng4 17. h4 Ra8 18. Qb7 Bxh4 19. gxh4 Qxh4 20. Bc5 Ra5 21.
Qxc7 Rxc5 22. Qg3 Qxg3+ 23. fxg3 Ne3 24. Rd7 Nd5 25. Ne4 Ra5 26. a3 f5 27. Ng5
Re8 28. Rd6 e5 29. Rd1 Ne3 30. Rc1 h6 31. Ne6 Rd5 32. Rb6 Rd1+ 33. Rxd1 Nxd1 34.
a4 Nxb2 35. a5 c3 36. Nc7 Nc4 37. Rb4 Nxa5 38. Rb5 Rc8 39. Rc5 Nb3 40. Rxc3 Nd4
41. Kf2 Ne6 42. Nd5 Rxc3 43. Nxc3 Kf7 44. Kf3 Nd4+ 45. Kf2 Ke6 46. e4 f4 47. Nd5
g5 48. g4 Nb5 49. Kf3 Nd6 50. Nc7+ Kd7 51. Nd5 Ne8 52. Nb6+ Ke6 53. Nd5 Nf6 54.
Nc3 h5 55. gxh5 g4+ 0-1

[Event "54. Miedzynarodowy Festiwal Szachowy im. Akiby Rubinsteina<br/>OPEN A "]
[Site "Polanica-Zdroj"]
[Date "1899-12-30"]
[Round "4.28"]
[White "Banaszkiewicz, Mikolaj"]
[Black "Chmiel, Piotr"]
[Result "1-0"]
[WhiteTitle "I"]
[BlackTitle "I+"]
[WhiteElo "1984"]
[BlackElo "1865"]

1. c4 e6 2. g3 Nf6 3. Bg2 c5 4. e3 Nc6 5. Ne2 d5 6. cxd5 exd5 7. d4 c4 8. Nbc3
Nb4 9. O-O Bf5 10. Bd2 a6 11. Nf4 g5 12. Ncxd5 Nbxd5 13. Nxd5 Nxd5 14. e4 Bg6
15. exd5 Bd6 16. Re1+ Kf8 17. Qc1 h6 18. Qxc4 Rc8 19. Qb3 Rc2 20. Bb4 b5 21. Rac1
Rxc1 22. Bxd6+ Qxd6 23. Rxc1 Kg7 24. Qe3 Qb4 25. Qe5+ Kh7 26. Be4 1-0

[Event "54. Miedzynarodowy Festiwal Szachowy im. Akiby Rubinsteina<br/>OPEN A "]
[Site "Polanica-Zdroj"]
[Date "1899-12-30"]
[Round "4.29"]
[White "Turski, Bartlomiej"]
[Black "Czarniecka, Aleksandra"]
[Result "1-0"]
[WhiteTitle "I"]
[BlackTitle "k"]
[WhiteElo "1830"]
[BlackElo "1980"]

1. e4 c5 2. Nf3 d6 3. d4 cxd4 4. Nxd4 Nf6 5. Nc3 a6 6. Be3 e6 7. a4 Qc7 8. Be2
Be7 9. O-O Nc6 10. f4 O-O 11. Kh1 Bd7 12. Bd3 Nxd4 13. Bxd4 e5 14. Bg1 Bc6 15.
Qf3 exf4 16. Qxf4 Nd7 17. Bc4 Ne5 18. Bd5 Bf6 19. Qg3 Qe7 20. Bd4 g6 21. a5 Bg7
22. Bb3 Rac8 23. Rac1 Bh6 24. Rcd1 Bg5 25. Qh3 Bd7 26. Qg3 Bc6 27. Qh3 Bd7 28.
Qg3 Bc6 29. Bd5 Bh4 30. Qe3 Bg5 31. Qe2 Ra8 32. b4 Bh6 33. Rf2 Kh8 34. Bb3 Bg7
35. Rdf1 f6 36. Nd5 Bxd5 37. Bxd5 Rfc8 38. c4 Qd7 39. h3 Re8 40. Qc2 Rac8 41.
Qb3 g5 42. Rf5 Qe7 43. c5 Qd7 44. Rxf6 Bxf6 45. Rxf6 Qg7 46. Rxd6 Rcd8 47. Qc3
Rxd6 48. cxd6 h5 49. Bxe5 Rxe5 50. d7 Qxd7 51. Qxe5+ Kh7 52. Qf5+ 1-0

[Event "54. Miedzynarodowy Festiwal Szachowy im. Akiby Rubinsteina<br/>OPEN A "]
[Site "Polanica-Zdroj"]
[Date "1899-12-30"]
[Round "4.31"]
[White "Antoniewicz, Jakub"]
[Black "Szylko, Waldemar"]
[Result "1/2-1/2"]
[WhiteTitle "II+"]
[BlackTitle "k+"]
[WhiteElo "1769"]
[BlackElo "1956"]

1. d4 c6 2. Bf4 d5 3. e3 e6 4. Bg3 f5 5. f4 Nf6 6. Bh4 Nbd7 7. Nf3 Be7 8. Bd3 O-O
9. O-O c5 10. c3 c4 11. Bc2 b5 12. b3 a5 13. Nbd2 cxb3 14. axb3 Ne4 15. Bxe7 Qxe7
16. Nxe4 fxe4 17. Ne5 Nxe5 18. fxe5 Bd7 19. Rxf8+ Qxf8 20. c4 b4 21. Qg4 Qe7 22.
Bd1 Qe8 23. cxd5 exd5 24. Qg5 Be6 25. h4 h6 26. Qh5 Qd7 27. Qg6 Qf7 28. Qxf7+
Kxf7 29. Rc1 Ra7 30. Rc6 Ke7 31. Be2 Bd7 32. Rg6 Kf8 33. Rd6 Ke7 34. Rg6 Kf8 35.
Rd6 Ke7 1/2-1/2